000 00225nam a2200097Ia 4500
008 190216s9999||||xx |||||||||||||| ||und||
100 _aPanse V G
245 0 _aPachila Vala Prayogam
260 _bKerala Basha Inst
942 _cBK
999 _c30367
_d30367